Διοίκηση ολικής ποιότητας στο ελληνικό τραπεζικό σύστημα : η περίπτωση της αγροτικής τράπεζας : διπλωματική εργασία
Αποθηκεύτηκε σε:
| Κύριος συγγραφέας: | |
|---|---|
| Συγγραφή απο Οργανισμό/Αρχή: | |
| Άλλοι συγγραφείς: | |
| Μορφή: | Thesis Βιβλίο |
| Γλώσσα: | Greek |
| Δημοσίευση: |
[2012?]
|
| Θέματα: | |
| Διαθέσιμο Online: | http://hdl.handle.net/11610/13576 |
| Ετικέτες: |
Προσθήκη ετικέτας
Δεν υπάρχουν, Καταχωρήστε ετικέτα πρώτοι!
|
MARC
| LEADER | 00000cam a2200000 i 4500 | ||
|---|---|---|---|
| 001 | 1/36590 | ||
| 008 | 130926q2012 gre d | ||
| 035 | |l 10115671 | ||
| 040 | |a GR-MY-UA |b gre |e aacr | ||
| 041 | 0 | |a gre | |
| 082 | 0 | |a 332.1068 |2 (22) | |
| 100 | 1 | |a Μητρούδης, Αργύριος. | |
| 245 | 1 | 0 | |a Διοίκηση ολικής ποιότητας στο ελληνικό τραπεζικό σύστημα : |b η περίπτωση της αγροτικής τράπεζας : διπλωματική εργασία / |c Μητρούδης Αργύριος ; επιβλέπων καθηγητής: Καταρέλος Ελευθέριος |
| 260 | |c [2012?] | ||
| 300 | |a 95 σ.; |b πίν., διαγρ.; |c 30 εκ. | ||
| 502 | # | # | |a Διατριβή (μεταπτυχιακή) – Πανεπιστήμιο Αιγαίου, Χίος, 2012. |
| 504 | |a Περιλαμβάνει βιβλιογραφία | ||
| 650 | 0 | 0 | |a Total quality management. |
| 650 | 0 | 0 | |a Bank management |x Quality control. |
| 650 | 0 | 0 | |a Banks and banking |z Greece. |
| 650 | 0 | 0 | |a Dissertations, Academic |z Greece. |
| 700 | 1 | |a Καταρέλος, Ελευθέριος Δ. |4 ths | |
| 710 | 1 | |a Πανεπιστήμιο Αιγαίου |b Σχολή Επιστημών της Διοίκησης |b Τμήμα Διοίκησης Επιχειρήσεων |b Πρόγραμμα Μεταπτυχιακών Σπουδών στη Διοίκηση Επιχειρήσεων - M.B.A. | |
| 852 | |a INST |b CHIOS |c DIATR |e 20130926 |h 332.1068 MHT |p 005200033103 |q 005200033103 |t MTXE |y 23 | ||
| 852 | |a INST |b CHIOS |c DIATR |e 20130926 |h 332.1068 MHT |p 005200033104 |q 005200033104 |t MTXE |y 23 | ||
| 856 | |u http://hdl.handle.net/11610/13576 | ||
| 901 | |a BIBL2-2013-3 | ||
| 909 | |a Χ |b 169164 | ||
| 909 | |a Χ |b 169165 | ||
| 924 | |a ΜΗΤΡΟΥΔΗΣ |b ΑΡΓΥΡΙΟΣ |y ΧΙΟΣ |z 2012-03 | ||
| 970 | |a ΠΑΡΟΙΚΑΚΗ |b ΒΑΣΙΛΙΚΗ |z 2013/09/26 | ||